000 00376pam a2200133a 44500
008 230405s2004 xxu||||| |||| 00| 0 eng d
041 _aENG
100 _aVOGEL ARTHUR
245 _aELEMENTARY PRACTICAL ORGANIC CHEMISTRY PART-1 SMALL SCALE PREPARATION
250 _a2
260 _aNEW YORK
_bWILEY INTERSCIENCE PUBLICATION NEW YORK
_c2004
300 _a435
906 _a3679
999 _c269118
_d269118